| Tag |
First Indicator |
Second Indicator |
Subfields |
| LEADER |
00000cam a2200000Ka 4500 |
| 001 |
in00002786472 |
| 005 |
20210728125012.0 |
| 006 |
m o d |
| 007 |
cr cnu---unuuu |
| 008 |
100920s2010 njua ob 001 0 eng d |
| 019 |
|
|
|a 694142796
|
| 020 |
|
|
|a 0470872063 (electronic bk.)
|
| 020 |
|
|
|a 1118269683 (electronic bk.)
|
| 020 |
|
|
|a 9780470872062 (electronic bk.)
|
| 020 |
|
|
|a 9781118269688 (electronic bk.)
|
| 020 |
|
|
|z 9780470438312 (pbk.)
|
| 035 |
|
|
|a (OCoLC)664571307
|z (OCoLC)694142796
|
| 035 |
|
|
|a (OCoLC)ocn664571307
|
| 035 |
|
|
|a 4040645
|
| 040 |
|
|
|a N$T
|b eng
|c N$T
|d CDX
|d YDXCP
|d E7B
|d EBLCP
|d OCLCQ
|d MHW
|d OCLCQ
|d DG1
|d REDDC
|d OCLCQ
|d TXA
|d UtOrBLW
|
| 049 |
|
|
|a TXAM
|
| 050 |
|
4 |
|a BF723.M4
|b D44 2010eb
|
| 072 |
|
7 |
|a FAM
|x 011000
|2 bisacsh
|
| 072 |
|
7 |
|a PSY
|x 004000
|2 bisacsh
|
| 072 |
|
7 |
|a PSY
|x 006000
|2 bisacsh
|
| 082 |
0 |
4 |
|a 155.4/1312
|2 22
|
| 100 |
1 |
|
|a Dehn, Milton J.
|0 http://id.loc.gov/authorities/names/n2005048633
|
| 245 |
1 |
0 |
|a Long-term memory problems in children and adolescents :
|b assessment, intervention, and effective instruction /
|c Milton J. Dehn.
|
| 264 |
|
1 |
|a Hoboken, N.J. :
|b Wiley,
|c [2010]
|
| 264 |
|
4 |
|c ©2010
|
| 300 |
|
|
|a 1 online resource (xvii, 388 pages) :
|b illustrations
|
| 336 |
|
|
|a text
|b txt
|2 rdacontent
|
| 337 |
|
|
|a computer
|b c
|2 rdamedia
|
| 338 |
|
|
|a online resource
|b cr
|2 rdacarrier
|
| 500 |
|
|
|a Electronic resource.
|
| 504 |
|
|
|a Includes bibliographical references and index.
|
| 505 |
0 |
|
|a Long-Term Memory Problems in Children and Adolescents: Assessment, Intervention, and Effective Instruction; Contents; Foreword; Preface; Acknowledgments; Chapter 1: Introduction and Overview; Chapter 2: Memory Systems and Processes; Chapter 3: Memory Neuroanatomy, Development, and Dysfunction; Chapter 4: Risk Factors for Memory Impairments; Chapter 5: Long-Term Memory Assessment Strategies; Chapter 6: Assessing Long-Term Memory With Standardized Tests; Chapter 7: Interventions for Memory Problems; Chapter 8: Classroom Instruction That Supports Memory.
|
| 520 |
|
|
|a "This book will be a valuable resource for psychologists and educators who work with children or adolescents who are having difficulties with memory and learning. Translating theory and research into practice is a talent that Dr. Dehn possesses and we will benefit from his professional skills."--The Foreword by Daniel C. Miller, PhD, ABPP, ABSNP, NCSP. An indispensable guide that examines the effect of long-term memory functions on children's learning Long-Term Memory Problems in Children and Adolescents: Assessment, Intervention, and Effective Instruction is the first book of its kind for psychologists, school psychologists, and special education teachers who need an overview of long-term memory as it relates to learning and education. It presents the best practices for assessing long-term memory functions, as well as selecting and using evidence-based instructional practices with memory-impaired students.
|
| 588 |
|
|
|a Description based on print version record.
|
| 650 |
|
0 |
|a Long-term memory in adolescence.
|0 http://id.loc.gov/authorities/subjects/sh2010002988
|
| 650 |
|
0 |
|a Long-term memory in children.
|0 http://id.loc.gov/authorities/subjects/sh2010002987
|
| 650 |
|
0 |
|a Short-term memory in adolescence.
|0 http://id.loc.gov/authorities/subjects/sh2010002990
|
| 650 |
|
0 |
|a Short-term memory in children.
|0 http://id.loc.gov/authorities/subjects/sh2010002989
|
| 650 |
|
4 |
|a Education.
|
| 650 |
|
4 |
|a Psychology.
|
| 650 |
|
7 |
|a FAMILY & RELATIONSHIPS
|x Child Development.
|2 bisacsh
|
| 650 |
|
7 |
|a PSYCHOLOGY
|x Developmental
|x Child.
|2 bisacsh
|
| 650 |
|
7 |
|a PSYCHOLOGY
|x Psychotherapy
|x Child & Adolescent.
|2 bisacsh
|
| 655 |
|
7 |
|a Electronic books.
|2 local
|
| 776 |
0 |
8 |
|i Print version:
|a Dehn, Milton J.
|t Long-term memory problems in children and adolescents.
|d Hoboken, N.J. : Wiley, c2010
|z 9780470438312
|w (DLC) 2010005948
|w (OCoLC)502035377
|
| 830 |
|
0 |
|a Wiley Online Library.
|
| 856 |
4 |
0 |
|u http://proxy.library.tamu.edu/login?url=https://dx.doi.org/10.1002/9781118269688
|z Connect to the full text of this electronic book
|t 0
|
| 948 |
|
|
|a cataloged
|b h
|c 2012/12/19
|d c
|e jlanham
|f 12:18:24 pm
|
| 994 |
|
|
|a C0
|b TXA
|
| 999 |
|
|
|a MARS
|
| 999 |
f |
f |
|s 98839887-708c-3153-a5a7-92357bcf6745
|i 4332df23-2496-3e15-93ad-924f949ad8e8
|t 0
|
| 952 |
f |
f |
|a Texas A&M University
|b College Station
|c Electronic Resources
|d Available Online
|t 0
|e BF723.M4 D44 2010eb
|h Library of Congress classification
|
| 998 |
f |
f |
|a BF723.M4 D44 2010eb
|t 0
|l Available Online
|